| 000 | 00864nam a2200217 a 4500 | ||
|---|---|---|---|
| 001 | 85872 | ||
| 003 | BD-RjUL | ||
| 005 | 20251020111827.0 | ||
| 008 | 251020s1993 bg ||||| |||| 00| f ben d | ||
| 035 | _a(BD-RjUL)85872 | ||
| 040 |
_aBD-RjUL _bben _cBD-RjUL |
||
| 041 | _aben | ||
| 082 |
_223 _a891.44309 _bGUR 1993 |
||
| 100 |
_aগুপ্ত, ক্ষেত্র _9145820 |
||
| 245 | 1 | 0 |
_aরবীন্দ্রনাথ ছোটগল্পের সমাজতত্ত্ব / _cক্ষেত্র গুপ্ত |
| 260 |
_aকলিকাতা : _bপুস্তক বিপণি, _c১৯৯৩ |
||
| 300 |
_a১১২ পৃ. ; _c২২ সেমি |
||
| 650 |
_aবাংলা উপন্যাস _xইতিহাস ও সমালোচনা _9120092 |
||
| 650 |
_aBengali Fiction _xHistory and Criticism _9118845 |
||
| 942 |
_2ddc _cBK |
||
| 999 |
_c85872 _d85872 |
||